000
00356nam a2200157Ia 4500
003
0STCL
008
150530s9999 xx 000 0 und d
040
_a
STCL
_c
STCL
100
_a
Tom Stoppard
245
_a
Tom stoppard jumpers
260
_b
Faber and Faber
_c
1985
546
_a
English
942
_2
ddc
_c
BK
999
_c
56449
_d
56449
005
20220125171009.0